| 000 | 02514nam0a2200445 4500 | ||
|---|---|---|---|
| 001 | RU\NLR\BIBL_A\011353397 | ||
| 005 | 20241103065922.0 | ||
| 010 |
_a9785953504775 _9200 |
||
| 021 |
_aRU _b2017-12576 _9926 |
||
| 035 | _a(RuMoRGB)008804849 | ||
| 035 | _a(NLR Aleph) 011353397 | ||
| 090 |
_a11257918 _c11257918 |
||
| 100 | _a20170324d2016 k y0rusy50 ca | ||
| 101 | 0 |
_arus _deng |
|
| 102 | _aRU | ||
| 105 | _aa z 000zy | ||
| 200 | 1 |
_aПроблемы информационной безопасности в международных военно-политических отношениях _e[монография _fк. полит. н. Н. П. Ромашкина, В. А. Цывянова, к. полит. н., П. А. Карасев, к.т.н. и др.] _gпод ред. А. В. Загорского, Н. П. Ромашкиной _gНациональный исследовательский институт мировой экономики и международных отношений имени Е. М. Примакова Российской академии наук (ИМЭМО) |
|
| 210 |
_aМосква _cИМЭМО РАН _d2016 |
||
| 215 |
_a182 с. _cил., цв. ил. _d29 |
||
| 300 | _aАвт. указаны на обороте тит. л. | ||
| 300 | _aРез. на англ. яз. | ||
| 320 | _aБиблиогр. в подстроч. примеч. | ||
| 606 | 1 |
_aВоенная политика _z21 в. _92360906 _3RU\NLR\auth\661409825 |
|
| 606 |
_aИнформационная безопасность _92404044 _3RU\NLR\AUTH\661432840 |
||
| 610 | 0 | _aмеждународные военно-политические отношения | |
| 610 | 0 | _aинформационная безопасность | |
| 686 |
_aС556.515,0 _2rubbk |
||
| 686 |
_aЦ1,5(0)2 _2rubbk |
||
| 686 | 1 | _aЗ811 | |
| 686 | 1 | _aЦ8(0)1 | |
| 701 | 1 |
_aРомашкина _bН. П. _gНаталия Петровна |
|
| 701 | 1 |
_aЦывянова _bВ. А. |
|
| 701 | 1 |
_aКарасев _bП.А. _gПавел Александрович |
|
| 702 | 1 |
_aЗагорский _bА. В. _f1959- _gАндрей Владимирович _4340 |
|
| 712 | 0 | 2 |
_4570 _aНациональный исследовательский институт мировой экономики и международных отношений им. Е. М. Примакова _cМосква _9527338 _3RU\NLR\AUTH\880431492 |
| 942 | _cBOOK | ||
| 980 | _aNBR | ||